[Event "TUR Cup"]
[Site "Antalya"]
[Date "2019.02.01"]
[Round "9"]
[White "Saraloglu, Yasarhan"]
[Black "Durak, Behzat"]
[Result "0-1"]
[WhiteElo "1143"]
[BlackElo "1570"]
[PlyCount "61"]
[EventDate "2019.01.27"]
[EventType "swiss"]
[EventRounds "11"]
[EventCountry "TUR"]
[SourceTitle "CBM 188 Extra"]
[Source "ChessBase"]
[SourceDate "2019.02.26"]
[SourceVersion "1"]
[SourceVersionDate "2019.02.26"]
[SourceQuality "1"]

1. d4 f5 2. Bf4 Nf6 3. e3 e6 4. Nf3 Be7 5. Nbd2 d5 6. Ne5 Nbd7 7. Ndf3 0-0 8. Bd3 c5 9. c3 cxd4 10. exd4 Nxe5 11. Bxe5 Ne4 12. Bg3 f4 13. Bxe4 dxe4 14. Ne5 fxg3 15. hxg3 Rf5 16. Qe2 Bf6 17. Ng4 Bd7 18. Qxe4 Qe7 19. 0-0-0 h5 20. Ne5 Bxe5 21. dxe5 Bc6 22. Qd4 Bd5 23. b4 a5 24. g4 Qg5+ 25. Rd2 hxg4 26. Qb6 axb4 27. c4 Rc8 28. Kd1 Rxc4 29. Rxd5 Qc1+ 30. Ke2 Rc2+ 31. Kd3 0-1